000 00267nam a22000857a 4500
008 230504b ||||| |||| 00| 0 eng d
100 _aUnknown
245 _aStories From Postage Stamps
_bEvery Postage Stamp Tells a Story
650 _aPostage Stamp Stories | Famous Collectors
999 _c3520
_d3520